000 00588nam a22001817a 4500
005 20251108175246.0
008 250721s1998 xx 000 0 ara d
082 1 4 _a321.40973/أور
100 1 _aأوروفسكي، ميلفن آي
_eمؤلف
245 1 0 _aقراءات أساسية في الديمقراطية الأمريكية /
264 1 _aعمان :
_bدار البشير،
_c1998.
300 _a593 ص.
650 1 7 _aالديمقراطية
650 1 7 _aالولايات المتحدة
700 1 _aفارع، شحدة
_eمترجم
942 _2ddc
_cBK
999 _c129924
_d129924